000 00725nam a2200229 u 4500
001 000034586
005 20200930073800.0
008 111010s2005 ag 000 0 spa d
020 _a9875505501
040 _aDO-SdBNP
_bspa
_cBNPHU
082 _axxxx
_bxxxx
100 1 _aSchwob, Marcel
_960022
245 1 3 _aEl libro de Monelle /
_cMarcel Schwob ; editora Diana Blumenfeld ; traducción Ariel Dilon.
260 _aBuenos Aires, :
_bLongseller,
_c2005.
300 _a200 p. ;
_c18 cm.
490 1 _aClásicos de siempre
490 1 _aRelatos y novelas
700 1 _aBlumenfeld, Diana,
_eed.
_960023
700 1 _aDilon, Ariel,
_etr.
_960024
830 0 _aClásicos de siempre
_960025
830 0 _aRelatos y novelas
_929022
999 _c34077
_d34077